[Event "Helsinki-ch Seniors 50"]
[Site "Helsinki"]
[Date "2018.01.04"]
[Round "6"]
[White "Mikkola, Sakari"]
[Black "Sjoman, Tapani"]
[Result "1/2-1/2"]
[WhiteElo "1787"]
[BlackElo "1956"]
[PlyCount "40"]
[EventDate "2017.12.29"]
[EventType "tourn"]
[EventRounds "7"]
[EventCountry "FIN"]
[SourceTitle "EXT 2019"]
[Source "ChessBase"]
[SourceDate "2018.10.10"]
[SourceVersion "1"]
[SourceVersionDate "2018.10.10"]
[SourceQuality "1"]

1. e4 c6 2. d4 d6 3. Nf3 Nd7 4. Bc4 h6 5. 0-0 g5 6. Ne1 Bg7 7. c3 Nf8 8. Nd3 Be6 9. Bb3 Qc7 10. Be3 Nf6 11. Nd2 0-0-0 12. c4 Ng4 13. Qe2 d5 14. e5 Nxe5 15. cxd5 Ng4 16. Nf3 Bxd5 17. Bxd5 Rxd5 18. h3 h5 19. hxg4 hxg4 20. Nfe5 f5 1/2-1/2

[Event "Helsinki-ch Seniors 50"]
[Site "Helsinki"]
[Date "2017.12.30"]
[Round "2"]
[White "Smeds, Tom"]
[Black "Mikkola, Sakari"]
[Result "1-0"]
[WhiteElo "1769"]
[BlackElo "1787"]
[PlyCount "67"]
[EventDate "2017.12.29"]
[EventType "tourn"]
[EventRounds "7"]
[EventCountry "FIN"]
[SourceTitle "EXT 2019"]
[Source "ChessBase"]
[SourceDate "2018.10.10"]
[SourceVersion "1"]
[SourceVersionDate "2018.10.10"]
[SourceQuality "1"]

1. b3 c5 2. Bb2 Nc6 3. Nf3 d6 4. d4 cxd4 5. Nxd4 e5 6. Nxc6 bxc6 7. g3 f5 8. Bg2 Qc7 9. 0-0 Bb7 10. e4 Ne7 11. f4 0-0-0 12. c4 c5 13. Nc3 a6 14. Nd5 Nxd5 15. cxd5 fxe4 16. Bxe4 h5 17. fxe5 dxe5 18. Rf5 Bd6 19. Rxh5 Qf7 20. Rxh8 Rxh8 21. Qf3 Qe7 22. Rf1 Kb8 23. Qf7 Qg5 24. Bc1 Qg4 25. Qg6 Qxg6 26. Bxg6 Rf8 27. Be4 Rxf1+ 28. Kxf1 Kc7 29. Ke2 Be7 30. d6+ Bxd6 31. Bxb7 Kxb7 32. Kd3 Kb6 33. Ke4 Kc6 34. Bb2 1-0